Name the Official Disney Princesses in 1 minute - Statistics

General Stats
  • This quiz has been taken 1,023 times
  • The average score is 11 of 14
Answer Stats
Princesses % Correct
Cinderella
92%
Snow White
90%
Aurora
87%
Ariel
83%
Belle
83%
Mulan
79%
Elsa
74%
Jasmine
74%
Rapunzel
74%
Pocahontas
73%
Anna
72%
Merida
72%
Tiana
72%
Moana
60%
No matching quizzes found
Score Distribution
Percent of People with Each Score
Percentile by Number Answered
Your Score History
You have not taken this quiz